000 01029nam0a22002531 4500
001 rc\914102
005 20260407101821.0
035 _a(NLR Aleph) 006088557
090 _a5141978
_c5141978
100 _a20041129d1982 |||y0rusy50 ca
101 0 _arus
102 _aRU
105 _aa |||||||||
200 1 _aАнализ нормальных и аварийных режимов электроэнергетических систем
_eСб. науч. тр.
_fАН УССР, Ин-т электродинамики
_g[Редкол.: Л.В. Цукерник (отв. ред.) и др.]
210 _aКиев
_cНаукова думка
_d1982
215 _a119 с.
_cил.
_d20
320 _aБиблиогр. в конце ст.
702 1 _aЦукерник
_bЛ.В.
_gЛев Вениаминович
_4340
712 0 2 _aИнститут электродинамики
_cКиев
_3RU\NLR\AUTH\889929386
_9354273
801 0 _aRU
_bNLR
_gpsbo
801 1 _aRU
_bELAR
_2rusmarc
852 _aNLR
_j83-3/6206
942 _cBOOK
980 _aNB